Fuzzy-Logic Approach to Estimate the Passengers’ Preference When Choosing a Bus Line Within the Public Transport System
Odhad preferencií cestujúcich je kľúčovou úlohou plánovačov dopravy pri riešení širokej škály optimalizačných problémov v oblasti verejnej dopravy. V dokumente je vyvinutá metodika odhadu preferencií cestujúcich pri výbere autobusovej linky v systéme verejnej dopravy.
Uložené v:
| Hlavný autor: | |
|---|---|
| Ďalší autori: | , , , |
| Médium: | Kapitola |
| Jazyk: | English |
| Predmet: | |
| Tagy: |
Žiadne tagy, Buďte prvý, kto otaguje tento záznam!
|
MARC
| LEADER | 00000naa a2200000 4500 | ||
|---|---|---|---|
| 001 | 0277166 | ||
| 005 | 20210712144532.2 | ||
| 041 | 0 | |a eng | |
| 044 | |a SK | ||
| 245 | 1 | 0 | |a Fuzzy-Logic Approach to Estimate the Passengers’ Preference When Choosing a Bus Line Within the Public Transport System |c Vitalii Naumov, Baurzhan Zhamanbayev, Dinara Agabekova, Zhumazhan Zhanbirov, Igor Taran |
| 520 | |a Odhad preferencií cestujúcich je kľúčovou úlohou plánovačov dopravy pri riešení širokej škály optimalizačných problémov v oblasti verejnej dopravy. V dokumente je vyvinutá metodika odhadu preferencií cestujúcich pri výbere autobusovej linky v systéme verejnej dopravy. | ||
| 610 | 2 | 0 | |a doprava verejná |
| 610 | 2 | 0 | |a odhady |
| 610 | 2 | 0 | |a plánovanie |
| 610 | 2 | 0 | |a modelovanie |
| 610 | 2 | 0 | |a technológie nové |
| 100 | 1 | |a Naumov, Vitalii | |
| 700 | 1 | |a Zhamanbayev, Baurzhan | |
| 700 | 1 | |a Agabekova, Dinara | |
| 700 | 1 | |a Zhanbirov, Zhumazhan | |
| 700 | 1 | |a Taran, Igor | |